000 00324nam a2200133Ia 4500
008 191201s2004 xx 000 0 und d
100 _aSEATON, Anne
245 0 _aWhat You Need to Know about Prepositions
250 _a1st
260 _aN.Delhi
_bLearners Pub
_c2004
300 _a136
650 _aApplied
942 _2ddc
_cBK
999 _c2002
_d2002